01286nam0a22002651 4500001001500000005001700015035002600032100004100058101001300099102000700112105001800119200015600137210006000293215001500353225005400368327012200422464014800544532009800692700010600790702002900896801001800925801002200943801002700965852002800992v19\rc\192103720251118180644.8 a(NLR Aleph) 005007771 a20080404d1912 u y0rusy50 ca1 arusceng aRU ay z |||a|1 aСбежавший жених и др. юмористические рассказыfУ. ДжекобсgПер. с англ. М. Травиной aМоскваc"Звезда" Н. Орфеновd[1912] a64 с.d161 aПопулярная библиотекаv№ 100 aСодержание: Сбежавший жених; Глава семьи; Отмененный приговор 012001#$aСбежавший жених$aГлава семьи$aОтмененный приговорtОтмененный приговор12aСбежавший жених и другие юмористические рассказы 17ca8rusaДжейкобсbУ. У.f1863-1943gУильям Уаймарк3RU\NLR\AUTH\770258410 1aТравинаbМ.4730 0aRUbNLRgpsbo 0aRUbRuMoRGB2psbo 1aRUbProSoft-M2rusmarc aNLRj37.34.10.1(№ 10)